Представление документа в формате RUSMARC

ПолеНазваниеЗначение
  Тип записи a
  Библиографический уровень m
001 Контрольный номер RU/ГПНТБ России/IBIS/84(2=411.2)6/Р 58-251068415
005 Дата корректировки 20260629112607.6
010 Индекс ISBN __
a ISBN 978-5-4484-5781-4
b Уточнения в пер.
9 Тираж 1000
100 Данные общей обработки __
a Данные общей обработки 20260617d2025 meay0rusy0250
101 Язык документа 0_
a Язык текста rus
102 Страна публикации __
a Страна публикации RU
105 Кодированные данные (монография) __
a Кодированные данные (монография) y zz 000zy
181 Поле кодированных данных: вид содержания _0
a Код вида содержания (ISBD) i
182 Поле кодированных данных: тип средства _0
a Код типа средства (ISBD) n
200 Заглавие и сведения об ответственности 1_
a Заглавие Жить. Любить. Верить
e Сведения, относящиеся к заглавию [роман]
f Первые сведения об ответственности Олег Рой
203 Вид содержания и тип средства __
c Тип средства непосредственный
a Вид содержания Текст
210 Выходные данные 1_
a Место издания Москва
c Издательство Вече
d Дата издания 2025
215 Физическое описание __
a Объем 318, [1] с.
d Формат 21 см
333 Примечание о целевом назначении __
a Примечание о целевом назначении информационная продукция для детей, достигших возраста двенадцати лет
333 Примечание о целевом назначении __
a Примечание о целевом назначении для взрослых, общего характера
333 Примечание о целевом назначении __
a Примечание о целевом назначении для юношества, возраст 14-20 лет
333 Примечание о целевом назначении __
a Примечание о целевом назначении для юношества, общего характера
517 Другие варианты заглавия 1_
a Другие варианты заглавия Любить
517 Другие варианты заглавия 1_
a Другие варианты заглавия Верить
686 Индексы других классификаций __
2 Код системы rubbk
a Классификационный индекс 84(2=411.2)6
686 Индексы других классификаций __
2 Код системы rugasnti
a Классификационный индекс 17.82.31
700 Автор _1
a Фамилия Рой
b Имя О.
g Полное личное имя Олег
f Даты 1965-
4 Код отношения 070
801 Источник записи _0
b Организация ГПНТБ России
a Страна RU
c Дата составления 20260617
801 Источник записи _1
b Организация ГПНТБ России
a Страна RU
c Дата составления 20260617
852 Данные о местонахождении 5_
a Наименование организации ГПНТБ России
m Суффикс шифра хранения 1110617
b Сигла хранения ЦГБ
j Шифр хранения 84(2=411.2)6
p Инвентарный номер RU
899 Данные о местонахождении __
a Местонахождение ГПНТБ России
p Штрих-код 1110617
b Место хранения ЦГБ
h Классификационная часть РШ 84(2=411.2)6
i Авторский знак Р 58
901 Тип документа __
a Ответственный заим.